000 00285nam a2200133 i 4500
001 bg
245 0 _aBausysteme mit kunststoffen.
260 _aStattgart,
_c1974.
040 _cBPK
041 _apol
080 _a624:678
942 _cKS
008 s pl f |000 0 pol
999 _c17145
_d17145
856 _uhttp://koha.tu.koszalin.pl/cgi-bin/koha/opac-detail.pl?biblionumber=17145
_yKatalog online BPK